000 00262nam a2200097Ia 4500
001 1208758
005 20250827022852.0
008 250824s9999 xx 000 0 und d
245 0 _aBİR GÖLGE GİBİ SİLİNECEKSİN
_cSELİM İLERİ
260 _bEVEREST YAYINLARI
999 _c1208758
_d1208758